Transferts de football les plus chers (de l'été 2024) - Statistiques

Statistiques générales
  • Ce quiz a été pris 196 fois
  • Le résultat moyen est 13 sur 20
Statistiques - réponses
# Joueur Transfert Prix
(En millions)
% Correct
1. Julián Álvarez 75
99%
8. Dani Olmo 55
93%
6. João Neves 59.92
93%
10. Michael Olise 53
92%
3. Leny Yoro 62
90%
15. Endrick 47.5
88%
5. Moussa Diaby 60
85%
14. Désiré Doué 50
84%
2. Dominic Solanke 64.3
75%
18. Matthijs De Ligt 45
68%
19. Riccardo Calafiori 45
68%
4. Pedro Neto 60
65%
12. Douglas Luiz 51.5
58%
11. João Félix 52
56%
7. Amadou Onana 59.35
48%
9. Teun Koopmeiners 54.7
48%
13. João Palhinha 51
44%
17. Georginio Rutter 46.7
33%
20. Ian Maatsen 44.5
22%
16. Max Kilman 47.5
17%
Aucun quiz correspondant
Distribution des résultats
% des personnes avec chaque résultat
Percentile par nombre de réponses
Votre historique - résultats
Vous n’avez pas pris ce quiz